Statistics for US City Flags, Pt. 3

Click here to take the quiz!

General Stats

  • This quiz has been taken 17 times
  • The average score is 13 of 24

Answer Stats

Answer% Correct
Miami
100%
Tampa
83%
Austin
67%
Columbus
67%
Kingman
67%
Milwaukee
67%
Oklahoma City
67%
Philadelphia
67%
Pittsburgh
67%
Syracuse
67%
Bridgeport
50%
Cleveland
50%
El Paso
50%
Provo
50%
San Diego
50%
Truckee
50%
Virginia Beach
50%
Bellevue
33%
Birmingham
33%
Fort Wayne
33%
Juneau
33%
Walla Walla
33%
Yonkers
33%
Santa Fe
17%

Score Distribution

Percentile by Number Answered

Percent of People with Each Score

Your Score History

You have not taken this quiz